|
|
|
|
| LEADER |
00000nam0a2200000 4500 |
| 001 |
283193 |
| 005 |
20231101235555.0 |
| 035 |
|
|
|a (RuTPU)RU\TPU\book\307240
|
| 090 |
|
|
|a 283193
|
| 100 |
|
|
|a 20150205d1984 k y0rusy50 ca
|
| 101 |
0 |
|
|a rus
|
| 102 |
|
|
|a RU
|
| 105 |
|
|
|a a z 001zy
|
| 200 |
1 |
|
|a Системные исследования. Методологические проблемы. Ежегодник 1984
|f Академия наук СССР (АН СССР), Всесоюзный научно-исследовательский институт системных исследований (ВНИИСИ) ; под ред. Д. М. Гвишиани
|
| 210 |
|
|
|a Москва
|c Наука
|d 1984
|
| 215 |
|
|
|a 384 с.
|c ил.
|
| 320 |
|
|
|a Библиография в конце работ.
|
| 606 |
1 |
|
|a Системные исследования
|2 stltpush
|3 (RuTPU)RU\TPU\subj\68146
|9 83647
|
| 610 |
1 |
|
|a методология
|
| 610 |
1 |
|
|a философские исследования
|
| 610 |
1 |
|
|a математическая теория
|
| 610 |
1 |
|
|a логическая теория
|
| 610 |
1 |
|
|a теория систем
|
| 610 |
1 |
|
|a системный анализ
|
| 610 |
1 |
|
|a социально-экономические объекты
|
| 610 |
1 |
|
|a системный подход
|
| 610 |
1 |
|
|a конкретно-социологические исследования
|
| 610 |
1 |
|
|a научные исследования
|
| 610 |
1 |
|
|a применение
|
| 686 |
|
|
|a Ч215
|v LBC/SL-A
|2 rubbk
|
| 702 |
|
1 |
|a Гвишиани
|b Д. М.
|4 340
|
| 712 |
0 |
2 |
|a Академия наук СССР (АН СССР)
|b Всесоюзный научно-исследовательский институт системных исследований (ВНИИСИ)
|c (Москва)
|c (1886-1991)
|2 stltpush
|3 (RuTPU)RU\TPU\col\259
|
| 801 |
|
1 |
|a RU
|b 63413507
|c 20150205
|
| 801 |
|
2 |
|a RU
|b 63413507
|c 20170919
|g RCR
|
| 942 |
|
|
|c BK
|